| 000 | 00385nam a2200157Ia 4500 | ||
|---|---|---|---|
| 008 | 230711s9999||||xx |||||||||||||| ||und|| | ||
| 041 | _aENG | ||
| 082 |
_a624 _bKO-R |
||
| 100 | _aKoran,Yoram | ||
| 245 | 0 | _aRobotics for engineers | |
| 250 | _a1st | ||
| 260 |
_c1985 _aNew Delhi _bTata McGraw Hill Education Limited |
||
| 300 | _a347 | ||
| 650 | _aMechanical Engineering | ||
| 942 | _cBK | ||
| 999 |
_c2404 _d2404 |
||